<?xml version="1.0" encoding="UTF-8"?><?xml-stylesheet type="text/xsl" href="static/style.xsl"?><OAI-PMH xmlns="http://www.openarchives.org/OAI/2.0/" xmlns:xsi="http://www.w3.org/2001/XMLSchema-instance" xsi:schemaLocation="http://www.openarchives.org/OAI/2.0/ http://www.openarchives.org/OAI/2.0/OAI-PMH.xsd"><responseDate>2026-06-07T16:09:04Z</responseDate><request verb="GetRecord" identifier="oai:docta.ucm.es:20.500.14352/55881" metadataPrefix="marc">https://docta.ucm.es/rest/oai/request</request><GetRecord><record><header><identifier>oai:docta.ucm.es:20.500.14352/55881</identifier><datestamp>2023-09-13T06:39:47Z</datestamp><setSpec>com_20.500.14352_14</setSpec><setSpec>col_20.500.14352_22</setSpec></header><metadata><record xmlns="http://www.loc.gov/MARC21/slim" xmlns:dcterms="http://purl.org/dc/terms/" xmlns:xsi="http://www.w3.org/2001/XMLSchema-instance" xmlns:doc="http://www.lyncode.com/xoai" xsi:schemaLocation="http://www.loc.gov/MARC21/slim http://www.loc.gov/standards/marcxml/schema/MARC21slim.xsd">
   <leader>00925njm 22002777a 4500</leader>
   <datafield ind2=" " ind1=" " tag="042">
      <subfield code="a">dc</subfield>
   </datafield>
   <datafield ind2=" " ind1=" " tag="720">
      <subfield code="a">Mayo García, Rafael</subfield>
      <subfield code="e">author</subfield>
   </datafield>
   <datafield ind2=" " ind1=" " tag="260">
      <subfield code="c">2005</subfield>
   </datafield>
   <datafield ind2=" " ind1=" " tag="520">
      <subfield code="a">En este trabajo se ha hecho un estudio de los iones ZrIII, CdII y AgII mediante la técnica de la espectrometría de ruptura inducida por láser (LIBS). Para ello, se ha llevado a cabo la puesta a punto de un sistema de adquisición de espectros de emisión de plasmas producidos por láser y se ha obtenido la respuesta espectral del citado sistema en el rango de los 1900 a los 7000 Å. Se ha realizado un estudio espectroscópico de los diferentes plasmas empleados. De esta forma se han determinado parámetros de ellos tales como su composición, su temperatura o la densidad de electrones y la autoabsorción que presentaban. También, y gracias a los parámetros mencionados, se ha determinado si los plasmas estaban en Equilibrio Termodinámico Local y si eran ópticamente delgados.Se han medido experimentalmente las probabilidades de transición de las transiciones que parten de los niveles 4d5d y 4d5p del ZrIII, de los niveles 5p, 5d, 6s, 4d95s2, 6p, 4d95s5p, 4f, 7p, 5f y 8p del CdII y de los niveles 5s2 y 6s 3D3 de la AgII. Estos experimentos se han realizado con oxido de zirconio y una aleación de Zr-Cu para el caso del ZrIII, con cadmio puro y una aleación de Cd-Zn para el caso del CdII y con plata pura para el caso de la AgII. También se han calculado teóricamente mediante el método de Hartree-Fock relativista con mezcla de configuraciones las probabilidades de transición y las vidas medias de los niveles anteriormente mencionados del ZrIII y CdII.</subfield>
   </datafield>
   <datafield ind1="8" ind2=" " tag="024">
      <subfield code="a">978-84-669-2555-6</subfield>
   </datafield>
   <datafield ind1="8" ind2=" " tag="024">
      <subfield code="a">b22447829</subfield>
   </datafield>
   <datafield ind1="8" ind2=" " tag="024">
      <subfield code="a">https://hdl.handle.net/20.500.14352/55881</subfield>
   </datafield>
   <datafield ind2="0" ind1="0" tag="245">
      <subfield code="a">Estudio de iones de Zr, Cd y Ag mediante espectrometría de ruptura inducida por láser</subfield>
   </datafield>
</record></metadata></record></GetRecord></OAI-PMH>